书目信息 |
| 题名: |
现代兵器大观
|
|
| 作者: | 乔松楼 , 李杰 主编 | |
| 分册: | ||
| 出版信息: | 上海 上海文化出版社 1999 |
|
| 页数: | 10,557页 | |
| 开本: | 20cm | |
| 丛书名: | 五角丛书 | |
| 单 册: | ||
| 中图分类: | E92-49 , E15 | |
| 科图分类: | ||
| 主题词: | 武器--世界--现代--普及读物 , 武装力量--世界 , 军种--世界 , 兵种--世界 | |
| 电子资源: | ||
| ISBN: | 7-80646-065-9 | |
| 000 | 00817nam2 2200301 450 | |
| 001 | 1559931808 | |
| 005 | 20150119163957.01 | |
| 010 | @a7-80646-065-9@b精装@dCNY28.00 | |
| 100 | @a20021005d1999 em y0chiy0110 ea | |
| 101 | 0 | @achi |
| 102 | @aCN@b310000 | |
| 105 | @af z 000yy | |
| 200 | 1 | @a现代兵器大观@9xian dai bing qi da guan@f乔松楼,李杰主编 |
| 210 | @a上海@c上海文化出版社@d1999 | |
| 215 | @a10,557页@c插图@d20cm | |
| 225 | 2 | @a五角丛书@e豪华本 |
| 461 | 0 | @12001 @a五角丛书 |
| 606 | 0 | @a武器@y世界@z现代@x普及读物 |
| 606 | 0 | @a武装力量@x世界 |
| 606 | 0 | @a军种@x世界 |
| 606 | 0 | @a兵种@x世界 |
| 610 | 0 | @a兵器 |
| 690 | @aE92-49@v5 | |
| 690 | @aE15@v4 | |
| 701 | 0 | @a乔松楼@9qiao song lou@4主编 |
| 701 | 0 | @a李杰@9li jie@4主编 |
| 801 | 0 | @aCN@bTSSF@c20150119 |
| 905 | @aZUCC@dE15@eJY29 | |
| 现代兵器大观/乔松楼,李杰主编.-上海:上海文化出版社,1999 |
| 10,557页:插图;20cm.-(五角丛书:豪华本) |
| ISBN 7-80646-065-9(精装):CNY28.00 |
| ● |
| 相关链接 |
|
|
|
|
正题名:现代兵器大观
索取号:E15/JY29
 
预约/预借
| 序号 | 登录号 | 条形码 | 馆藏地/架位号 | 状态 | 备注 |
| 1 | 7849296 | 278492962 | 学院路分馆/ [索取号:E15/JY29] | 在馆 |